Famous Macs Quiz Stats

 Plays Quiz Updated Feb 26, 2019

Score 0/36 Timer 06:00
0 Plays Today
Description Name % Correct
Shakespeare tragedyMacbeth
84.8%
Loser to Obama in 2008John McCain
83%
Fast food mascotRonald McDonald
81.2%
One of the BeatlesPaul McCartney
78.9%
WWII U.S. Pacific GeneralDouglas MacArthur
60.6%
Anti-communist SenatorJoseph McCarthy
55.9%
The Crime DogScruff McGruff
53.5%
7-time tennis singles Grand Slam winnerJohn McEnroe
53%
Donald Duck's rich uncleScrooge McDuck
51.9%
NFL Eagles QB (1999-2009 )Donovan McNabb
47.5%
25th U.S. President (1897-1901)William McKinley
47.2%
Obi-Wan Kenobi actorEwan McGregor
41.6%
Oklahoma City bomberTimothy McVeigh
38.9%
Has 583 career MLB home runsMark McGwire
38.1%
'Die Hard' heroJohn McClane
37.6%
Tonight show sidekick (d. 2009)Ed McMahon
37.5%
'Bullitt' and 'The Great Escape' actorSteve McQueen
36.7%
Gandalf actorSir Ian McKellen
33.6%
Description Name % Correct
Red or green apple discoverer (1811)John McIntosh
32.8%
'Star Trek' doctorLeonard H. 'Bones' McCoy
30%
'Simpsons' infomercial regularTroy McClure
29.9%
'Terms of Endearment' actressShirley MacLaine
29.3%
Titular TV swiss-army knife wielder Angus MacGyver
24.4%
'A Clockwork Orange' actorMalcolm McDowell
23.1%
__ Douglas, aircraft maker bought by BoeingMcDonnell
19.7%
Loser to Nixon in 1972George McGovern
19.5%
Vietnam war Sec. of DefenseRobert McNamara
18%
Scottish asphalt (tarmac) pioneerJohn Loudon McAdam
17.8%
Teacher, died on 'Challenger'Christa McAuliffe
17.7%
'Atonement' authorIan McEwan
16.4%
British Prime Minister 1957-63Harold Macmillan
8.9%
Astronaut, died on 'Challenger'Ronald McNair
7.5%
Second Canadian PM (1873-78)Alexander Mackenzie
7.1%
Australian fast bowler (retired 2007)Glenn McGrath
6.5%
President of Ireland (1997- 2011)Mary McAleese
3.5%
Insulin co-discovererJ.J.R. Macleod
0.8%

You're not logged in!

Compare scores with friends on all Sporcle quizzes.
OR
Log In

Sporcle TV

Today on Sporcle TV


Watch our educational content, quiz creation guides, and fun videos on Sporcle TV.

Show Comments

Extras

Top Quizzes Today


Score Distribution

Your Account Isn't Verified!

In order to create a playlist on Sporcle, you need to verify the email address you used during registration. Go to your Sporcle Settings to finish the process.

Report this User

Report this user for behavior that violates our Community Guidelines.

Details: